01001nam a2200301 i 45000010005000000030009000050050017000140080041000310200018000720200018000900800010001080800010001180800008001281000031001362450049001672500019002162600044002353000020002794900032002995000015003315050086003466500034004326500028004668300040004948520025005349990015005599520125005746151ES-MaACL20230906144818.0890821s1986 xxk ||||0| eng d a0-521-31642-1 a0-521-31641-3 a001:1 a1:001 a1651 aFeyerabend, Paul K.95065510aPhilosophical papers / cPaul K. Feyerabend. a1ª ed., repr. aCambridge : bUniversity Press, c1986. a2 v. ; c23 cm.1 aCambridge paperback library aÍndices.8 aContiene: 1. Realism, rationalism & scientific method - 2. Problems of empiricism 4aCiencia-xFilosofía.910950 4aEpistemología.9123381 aCambridge paperback library91774644 aES-MaACLjL-13306-07 c6151d6151 00104070aATENEOMbATENEOMcDEPO2d2008-01-17eSCl0oL-13306-07p1006260r2023-02-23 00:00:00w2023-02-23yMONOGRAFIA